Normal view
MARC view
Entry Topical Term
001 - CONTROL NUMBER
- control field: 25231
003 - CONTROL NUMBER IDENTIFIER
- control field: OSt
005 - DATE AND TIME OF LATEST TRANSACTION
- control field: 20230714105736.0
008 - FIXED-LENGTH DATA ELEMENTS
- fixed length control field: 230714|| aca||aabn | a|a d
040 ## - CATALOGING SOURCE
- Original cataloging agency: OSt
- Transcribing agency: OSt
150 ## - HEADING--TOPICAL TERM
- Topical term or geographic name entry element: Monsters
- Form subdivision: Fiction.
670 ## - SOURCE DATA FOUND
- Source citation: Work cat.: (OSt): Novik, Naomi. 25228, The last graduate: A novel:, 2021.